000 01226nam0a2200301 4500
001 RU\NLR\BIBL_A\011990163
005 20260607072633.0
010 _a978-5-906749-32-1
_95000
021 _aRU
_bКН-П-19-021255
_9КН-П-19-1594
035 _a(NLR Aleph) 011990163
035 _a(RuMoRGB)009930277
090 _a11353863
_c11353863
100 _a20190415d2019 u y0rusy50 ca
101 1 _arus
_ceng
102 _aRU
105 _a |||z|||000 y
200 1 _aЧайка Джонатан Ливингстон
_aИллюзии
_aКарманный справочник Мессии
_fРичард Бах
_g[перевод с англ.: А. Сидерский и др.
_gиллюстрации: В. Ерко]
210 _aМосква
_cСофия
_d2019
215 _a319 с.
_cил.
_d21
333 _a16+
686 1 _aШ6(7США)67-440.4{Лх1979-50}
700 1 _8rus
_7ca
_aБах
_bР.
_gРичард
_f1936 -
_3RU\NLR\AUTH\772184
_9112200
702 1 _4440
_7ca
_8rus
_aЕрко
_bВ.
_cхудожник
_f1962-
_gВладислав
_980216
_3RU\NLR\AUTH\7797290
942 _cBOOK
980 _aNB